एक ही सुख निरोगी काया / (Record no. 67627)
[ view plain ]
| 000 -LEADER | |
|---|---|
| fixed length control field | 01107nam a22002657a 4500 |
| 005 - DATE AND TIME OF LATEST TRANSACTION | |
| control field | 20120607121225.0 |
| 008 - FIXED-LENGTH DATA ELEMENTS--GENERAL INFORMATION | |
| fixed length control field | 080915t xxu||||| |||| 00| 0 hin d |
| 010 ## - LCCN (DPL NO) | |
| LC control number | |
| 020 ## - INTERNATIONAL STANDARD BOOK NUMBER | |
| Terms of availability | 90.00 |
| International Standard Book Number | 817138028x |
| 035 ## - SYSTEM CONTROL NUMBER | |
| System control number | B-33569 |
| 037 ## - SOURCE OF ACQUISITION | |
| Source of stock number/acquisition | |
| 040 ## - CATALOGING SOURCE | |
| Original cataloging agency | DPL |
| Language of cataloging | HN |
| 082 ## - DEWEY DECIMAL CLASSIFICATION NUMBER | |
| Classification number | 613 |
| 100 ## - MAIN ENTRY--PERSONAL NAME | |
| 9 (RLIN) | 25136 |
| Personal name | शर्मा, शशि |
| 245 ## - TITLE STATEMENT | |
| Title | एक ही सुख निरोगी काया / |
| Statement of responsibility, etc | शशि शर्मा |
| 246 ## - VARYING FORM OF TITLE | |
| Title proper/short title | Ek hi sukh nirogi kaya |
| Remainder of title | by Shashi Sharma |
| 260 ## - PUBLICATION, DISTRIBUTION, ETC. (IMPRINT) | |
| Place of publication, distribution, etc | नई दिल्ली |
| Name of publisher, distributor, etc | सामयिक प्रकाशन |
| Date of publication, distribution, etc | 2000 |
| 270 ## - ADDRESS | |
| Address | 3320-21, जटवाड़ा, नेताजी सुभाष मार्ग, दरियागंज |
| City | नई दिल्ली |
| Postal code | 110002 |
| 300 ## - PHYSICAL DESCRIPTION | |
| Extent | 80पृ |
| Dimensions | 22सेमी (सजिल्द) |
| Other physical details | सचित्र |
| 650 ## - SUBJECT ADDED ENTRY--TOPICAL TERM | |
| 9 (RLIN) | 1169 |
| 700 ## - ADDED ENTRY--PERSONAL NAME | |
| 9 (RLIN) | 25138 |
| 700 ## - ADDED ENTRY--PERSONAL NAME | |
| 9 (RLIN) | 25157 |
| 942 ## - ADDED ENTRY ELEMENTS (KOHA) | |
| Institution code [OBSOLETE] | dpl |
| Item type | Hindi Books |
| Source of classification or shelving scheme | Dewey Decimal Classification |
| Call number suffix | शर्माश |
| Classification part | 613 |
| Call number prefix | 613शर्माश |
| Withdrawn status | Lost status | Source of classification or shelving scheme | Damaged status | Not for loan | Collection code | Home library | Current library | Date acquired | Cost, normal purchase price | Total Checkouts | Full call number | Barcode | Date last seen | Cost, replacement price | Koha item type |
|---|---|---|---|---|---|---|---|---|---|---|---|---|---|---|---|
| Dewey Decimal Classification | Non-fiction | Sarojini Nagar | Sarojini Nagar | 07/06/2012 | 90.00 | 613 शर्माश | B-33569 | 07/06/2012 | 90.00 | Hindi Books |
